Základy francúzštiny pre ekonómov audioorálny kurz
Salvato in:
| Autore principale: | |
|---|---|
| Ente Autore: | |
| Altri autori: | |
| Natura: | Libro |
| Lingua: | slovacco francese |
| Pubblicazione: |
Bratislava
Ekonomická univerzita
1995
|
| Edizione: | dotl. |
| Soggetti: | |
| Tags: |
Nessun Tag, puoi essere il primo ad aggiungerne!!
|
MARC
| LEADER | 00000nam a2200000 4500 | ||
|---|---|---|---|
| 001 | c009495 | ||
| 005 | 20221214072420.5 | ||
| 020 | |a 80-225-0594-3 | ||
| 041 | 0 | |a slo | |
| 041 | 0 | |a fre | |
| 044 | |a SK | ||
| 245 | 1 | 0 | |a Základy francúzštiny pre ekonómov |b audioorálny kurz |c Marie Pravdová, Olga Velíšková |
| 250 | |a dotl. | ||
| 264 | 1 | |a Bratislava |b Ekonomická univerzita |c 1995 | |
| 300 | |a 114 s. | ||
| 610 | 2 | 0 | |a francúzština |
| 610 | 2 | 0 | |a jazykoveda |
| 100 | 1 | |a Pravdová, Marie | |
| 700 | 1 | |a Velíšková, Olga | |
| 710 | 2 | |a Ekonomická univerzita v Bratislave. Ústav jazykov | |